000 00426nam a22001457a 4500
005 20250223104835.0
008 250223b |||||||| |||| 00| 0 eng d
020 _a8123909918
050 _aRJ50
_b.A839
100 _aAthreya, Balu H.
245 _aClinical Methods in Pediatric Diagnosis/
_cBalu H. Athreya
260 _aNew Delhi
_bCBS Publishers & Distributors
_c2003
300 _axxi. 288p.
_bill.
_c21cm
942 _2lcc
_cBK
_n0
999 _c4169
_d4169